A Manifesto For Change A Sequel to India 2020 (Record no. 60744)

MARC details
000 -LEADER
fixed length control field 00476nam a2200181Ia 4500
008 - FIXED-LENGTH DATA ELEMENTS--GENERAL INFORMATION
fixed length control field 230524s9999 xx 000 0 und d
020 ## - INTERNATIONAL STANDARD BOOK NUMBER
ISBN 9789351361732
082 ## - DEWEY DECIMAL CLASSIFICATION NUMBER
Classification number 320.9540905
Item number KAL
100 ## - MAIN ENTRY--AUTHOR NAME
Personal name A.P.J. Abdul Kalam
245 #2 - TITLE STATEMENT
Title A Manifesto For Change A Sequel to India 2020
250 ## - EDITION STATEMENT
Edition statement 1
260 ## - PUBLICATION, DISTRIBUTION, ETC. (IMPRINT)
Place of publication Haryana
Name of publisher Harpercollins
Year of publication 2021
300 ## - PHYSICAL DESCRIPTION
Number of Pages 255p;
500 ## - GENERAL NOTE
General note Quantity Number: 1
650 ## - SUBJECT ADDED ENTRY--TOPICAL TERM
Topical Term Miscellaneous
700 ## - ADDED ENTRY--PERSONAL NAME
Personal name V.Ponraj
942 ## - ADDED ENTRY ELEMENTS (KOHA)
Koha item type Books
Holdings
Lost status Damaged status Permanent Location Current Location Shelving location Date acquired Full call number Accession Number Koha item type
    Central Library, Trident Academy of Technology Central Library, Trident Academy of Technology General Stacks 05/24/2023 320.9540905 KAL 60744 Books
Trident Academy of Technology © 2023.
All rights reserved.                                                                                                                                                                                                        Designed by Team of Central Library .

Powered by Koha